000 00507ntaaa2200205 4500
003 01
005 20251027202632.0
008 0714s1973 ag 01
040 _aAR-BaBN
_bspa
_cAR-BaBN
_eaacr
_dRIC
082 _a371.3330 R81
100 _aRoyal, Claudia
_921029
245 _aStorytelling
250 _a1 ed.
260 _aNashville :
_bBroadman Press,
_c1955
300 _a132 p
500 _aAn ancient art in christian teaching
650 _anarración
650 _apedagogía
_91020
942 _cBK
999 _c21480
_d21480